Famous with Kippah Quiz Stats

 Plays Quiz Updated Dec 5, 2018

Support Sporcle.
Go Orange.
Score 0/20 Timer 05:00
0 Plays Today
% Correct
Donald Trump
98.2%
Michael Jackson
98%
Barack Obama
97.5%
Bill Clinton
92.7%
Vladimir Putin
91.2%
Ben Stiller
86.9%
Justin Bieber
86.7%
David Beckham
85.9%
Charles, Prince of Wales
84.1%
Dalai Lama
82.6%
% Correct
Jerry Seinfeld
81.3%
Conan O'Brien
79.1%
Drake
69.2%
Bob Dylan
63.8%
Pharrell Williams
63.3%
Willem Dafoe
57.2%
Tony Blair
56.5%
Bruce Willis
53.4%
Newt Gingrich
42.6%
Tom Arnold
41.2%

From the Vault

Multi-Category Minefield Blitz: Star Wars

by Thebiguglyalien

Movies 60s
Just don't go looking for answers in Alderaan places.
Remove Ads.
Support Sporcle.
Get the best of Sporcle when you Go Orange. This ad-free experience offers more features, more stats, and more fun while also helping to support Sporcle. Thank you for becoming a member.

Show Comments

Extras

Top Quizzes Today


Score Distribution

Your Account Isn't Verified!

In order to create a playlist on Sporcle, you need to verify the email address you used during registration. Go to your Sporcle Settings to finish the process.

Report this User

Report this user for behavior that violates our Community Guidelines.

Details: